| 000 | 01653aam a2200313 i 4500 | ||
|---|---|---|---|
| 001 | 768714001 | ||
| 003 | CO-MdFUSB | ||
| 005 | 20240822113650.0 | ||
| 007 | ta | ||
| 008 | 240511t1984 -us |||| |||| 001 0deng d | ||
| 020 | _a0-8010-0953-7 | ||
| 040 |
_aCO-MdFUSB _bspa _cCO-MdFUSB _dCO-MdFUSB _erda |
||
| 041 | 0 | _aeng | |
| 082 | 0 | 4 |
_223 _a273 _bB878 |
| 100 | 1 |
_aBrown, Harold O.J. _eautor |
|
| 245 | 1 | 0 |
_aHeresies _b: the image of Christ in the mirror of heresy and orthodoxy from the apostles to the present _c/ Harold O.J. Brown |
| 264 | 1 |
_bBaker Book House, _aGrand Rapids, Michigan : _c[1984] |
|
| 264 | 4 | _c©1984 | |
| 300 |
_a486 páginas _c; 23 cm |
||
| 336 |
_2rdacontent _atexto _btxt |
||
| 337 |
_2rdamedia _asin mediación _bn |
||
| 338 |
_2rdacarrier _avolumen _bnc |
||
| 505 | _tEl giro de la herejía. -- ¿Por que la herejía? -- Terreno en común. -- Estructura y variación. -- Antes del Nuevo Testamento. -- Los apólogos. -- Monarquismo. -- La gran alternativa: El arrianismo. -- La doctrina de la trinidad. -- Cristología. -- Problemas ¨menores¨ elección, libre albedrío, apostasía. -- Imágenes y herejía. -- Nuevas herejías, nuevos problemas. -- La nueva iglesia y la vieja herejía: Escolasticismo, las cruzadas y el dualismo. -- Los herejes piadosos. -- La reforma protestante. -- La era de la ortodoxia. -- Pietismo y herejía. -- La herejía de la iluminación. -- La ortodoxia del avivamiento un avivamiento de la ortodoxia. -- El resurgimiento y la recaída de la ortodoxia. | ||
| 563 | _aRústica | ||
| 650 | 7 |
_aHerejías cristianas _9350 |
|
| 942 | _cBK | ||
| 945 | _aLuz Peña | ||
| 999 |
_c44194 _d44194 |
||